Books by Clue #3 - Statistics

General Stats
  • This quiz has been taken 408 times
    400 since last reset
  • The average score is 4 of 20
Answer Stats
Hint Answer % Correct
Magic, School, The Chosen One Harry Potter
93%
Young billionaire, unexpirienced girl, BDSM 50 Shades of Grey
67%
Portrait, Magic/Curse, Hedonism The Picture of Dorian Gray
51%
Psychiatric hospital, Rebellion, Lobotomy One flew over the cuckoo's nest
48%
Burning books, Dystopia, Exiles Fahrenheit 451
36%
Orphan, Prince Edward Island, Growing up Anne of Green Gables
35%
Venice, Love, Money loaned without interest The Merchant of Venice
28%
Prisoner, Vengeance, Poison The Count of Monte Cristo
18%
Corfu, Observation of animals, 10-year-old boy My family and other animals
13%
Salinas Valley, Two families, Timshel East of Eden
9%
Friends, Thames, Boat trip Three Men in a Boat (To Say Nothing of the Dog)
9%
Afghanistan, Two wives of one man, 1950s-2003 A Thousand Splendid Suns
8%
Rival Families, Unespected deaths, Unusual seasons Game of Thrones (A Song of Ice and Fire)
4%
Angel and Alec, Lost innocence, The woman always pays Tess of the d'Urbervilles
3%
Middle Ages, Timetravel, The Boss A Connecticut Yankee in King Arthur's Court
2%
Brothers, Nangijala, Adventures The Brothers Lionheart
2%
Paris, 1939, Medic - Refugee Arch of Triumph
0%
Alaskan Gold Rush, Wall Street Speculations, Leaving all behind Burning Daylight
0%
Message in a bottle, Trip around the world, Paganel In Search of the Castaways
0%
The Top, Infidelity, Car crash Room at the top
0%
No matching quizzes found
Score Distribution
Percent of People with Each Score
Percentile by Number Answered
Your Score History
You have not taken this quiz since the last reset